Súvislosť rovnováhy a nerovnováhy
Interview redakcii IBC poskytol podpredseda vlády S. Kozlík. Otázky súvislosti rovnováhy a nerovnováhy v ekonomike. Charakteristika súčasného stavu slovenskej ekonomiky. Vývoj bankovej sféry. Opatrenia na ochranu domáceho trhu. Podiel štátneho rozpočtu na celkovej ekonomickej rovnováhe. Vývoj na peň...
Saved in:
| Main Author: | |
|---|---|
| Format: | Book Chapter |
| Language: | Slovak |
| Subjects: | |
| Tags: |
No Tags, Be the first to tag this record!
|
MARC
| LEADER | 00000naa a2200000 4500 | ||
|---|---|---|---|
| 001 | r031284 | ||
| 005 | 20230825101010.2 | ||
| 041 | 0 | |a slo | |
| 044 | |a SK | ||
| 245 | 1 | 0 | |a Súvislosť rovnováhy a nerovnováhy |c Sergej Kozlík |
| 520 | |a Interview redakcii IBC poskytol podpredseda vlády S. Kozlík. Otázky súvislosti rovnováhy a nerovnováhy v ekonomike. Charakteristika súčasného stavu slovenskej ekonomiky. Vývoj bankovej sféry. Opatrenia na ochranu domáceho trhu. Podiel štátneho rozpočtu na celkovej ekonomickej rovnováhe. Vývoj na peňažnom trhu. Vývoj na trhu práce. Vývoj v sociálnej sfére. | ||
| 610 | 2 | 0 | |a rovnováha hospodárska |
| 610 | 2 | 0 | |a nerovnováha hospodárska |
| 610 | 2 | 0 | |a hospodárstvo národné |
| 610 | 2 | 0 | |a politika hospodárska |
| 610 | 2 | 0 | |a Slovensko |
| 610 | 2 | 0 | |a vývoj hospodársky |
| 610 | 2 | 0 | |a trh peňažný |
| 610 | 2 | 0 | |a bankovníctvo |
| 610 | 2 | 0 | |a ochrana trhu |
| 610 | 2 | 0 | |a produkt domáci hrubý |
| 610 | 2 | 0 | |a rast hospodársky |
| 610 | 2 | 0 | |a 1997-1998 |
| 100 | 1 | |a Kozlík, Sergej | |